| 000 | 01181cam a2200313 a 4500 | ||
|---|---|---|---|
| 001 | 11937906 | ||
| 003 | EG-ScBUE | ||
| 005 | 20221101135724.0 | ||
| 008 | 000310s1998 vraa f bc 001 0 eng d | ||
| 020 | _a1875498885 | ||
| 035 | _a(OCoLC)ocm38901707 | ||
| 040 |
_aAUT _beng _erda _cAUT _dTXH _dLDL _dUMC _dDLC _dEG-ScBUE |
||
| 043 | _an-us--- | ||
| 082 | 0 | 4 |
_a720.973 _222 _bRMK |
| 245 | 0 | 0 |
_aR.M. Kliment & Frances Halsband Architects : _bselected and current works. |
| 264 | 1 |
_aMulgrave, Victoria : _bImages Pub., _c1998. |
|
| 300 |
_a255 pages : _billustrations (chiefly color) ; _c31 cm. |
||
| 336 |
_2rdacontent _atext _btxt |
||
| 337 |
_2rdamedia _aunmediated _bn |
||
| 338 |
_2rdacarrier _avolume _bnc |
||
| 490 | 0 |
_aThe master architect series ; _v3 |
|
| 504 | _aIncludes bibliographical references and index. | ||
| 610 | 2 | 7 |
_aR.M. Kliment & Frances Halsband Architects _vCatalogues raisonnes. _2BUEsh _97803 |
| 650 | 7 |
_aArchitecture _zUnited States _xHistory _y20th century _vCatalogs. _2BUEsh _97804 |
|
| 653 | _bENGARC | ||
| 655 | _vReading book | ||
| 942 |
_2ddc _cBB |
||
| 999 |
_c12268 _d12268 |
||